Les colonnes du ciel / (Record no. 17817)
[ view plain ]
| 000 -CABECERA | |
|---|---|
| campo de control de longitud fija | 01034cam a2200265 a 4500 |
| 001 - NÚMERO DE CONTROL | |
| campo de control | 000018296 |
| 003 - IDENTIFICADOR DEL NÚMERO DE CONTROL | |
| campo de control | UkOxU |
| 005 - FECHA Y HORA DE LA ÚLTIMA TRANSACCIÓN | |
| campo de control | 20200929165437.0 |
| 008 - DATOS DE LONGITUD FIJA--INFORMACIÓN GENERAL | |
| campo de control de longitud fija | 880808s1985 fr 000 1 fre |
| 040 ## - FUENTE DE LA CATALOGACIÓN | |
| Centro catalogador/agencia de origen | DO-SdBNP |
| Centro/agencia transcriptor | spa |
| -- | BNPHU |
| 082 ## - NÚMERO DE LA CLASIFICACIÓN DECIMAL DEWEY | |
| Número de clasificación | xxxx |
| Número de documento/Ítem | C617 |
| 100 1# - ENTRADA PRINCIPAL--NOMBRE DE PERSONA | |
| Nombre de persona | Clavel, Bernard, |
| Fechas asociadas al nombre | 1923- |
| 9 (RLIN) | 39623 |
| 245 14 - MENCIÓN DE TÍTULO | |
| Título | Les colonnes du ciel / |
| Mención de responsabilidad, etc. | Bernard Clavel. |
| 250 ## - MENCIÓN DE EDICIÓN | |
| Mención de edición | Ed. définitive |
| 260 ## - PUBLICACIÓN, DISTRIBUCIÓN, ETC. | |
| Lugar de publicación, distribución, etc. | Paris : |
| Nombre del editor, distribuidor, etc. | Robert Laffont, |
| Fecha de publicación, distribución, etc. | 1985. |
| 300 ## - DESCRIPCIÓN FÍSICA | |
| Extensión | 2 v. ; |
| Dimensiones | 24 cm. |
| 490 1# - MENCIÓN DE SERIE | |
| Mención de serie | Les colonnes du ciel |
| Designación de volumen o secuencia | 3 |
| 505 0# - NOTA DE CONTENIDO CON FORMATO | |
| Información miscelánea | v. 1. |
| Título | La saison des loups -- |
| -- | La lumière du lac -- |
| Información miscelánea | v. 2. |
| Título | La femme de guerre -- |
| -- | Marie Bon Pain -- |
| -- | Compagnons du Nouveau-Monde -- |
| 700 12 - PUNTO DE ACCESO ADICIONAL--NOMBRE DE PERSONA | |
| Nombre de persona | Clavel, Bernard, |
| Fechas asociadas al nombre | 1923-. |
| Título de la obra | Saison des loups. |
| 9 (RLIN) | 39624 |
| 700 12 - PUNTO DE ACCESO ADICIONAL--NOMBRE DE PERSONA | |
| Nombre de persona | Clavel, Bernard, |
| Fechas asociadas al nombre | 1923-. |
| Título de la obra | Lumière du lac. |
| 9 (RLIN) | 39625 |
| 700 12 - PUNTO DE ACCESO ADICIONAL--NOMBRE DE PERSONA | |
| Nombre de persona | Clavel, Bernard, |
| Fechas asociadas al nombre | 1923-. |
| Título de la obra | Femme de guerre. |
| 9 (RLIN) | 39626 |
| 700 12 - PUNTO DE ACCESO ADICIONAL--NOMBRE DE PERSONA | |
| Nombre de persona | Clavel, Bernard, |
| Fechas asociadas al nombre | 1923-. |
| Título de la obra | Marie Bon Pain. |
| 9 (RLIN) | 39627 |
| 700 12 - PUNTO DE ACCESO ADICIONAL--NOMBRE DE PERSONA | |
| Nombre de persona | Clavel, Bernard, |
| Fechas asociadas al nombre | 1923-. |
| Título de la obra | Compagnons du Nouveau-Monde. |
| 9 (RLIN) | 39628 |
| 830 #4 - PUNTO DE ACCESO ADICIONAL DE SERIE-TÍTULO UNIFORME | |
| Título uniforme | Les colonnes du ciel |
| Designación de volumen o secuencia | 3 |
| 9 (RLIN) | 39629 |
| Estado de retiro | Estado de pérdida | Restricciones de uso | No para préstamo | Código de colección | Localización permanente | Ubicación/localización actual | Ubicación en estantería | Fecha de adquisición | Número de inventario | Total de préstamos | Signatura topográfica completa | Código de barras | Fecha visto por última vez | Precio válido a partir de | Tipo de ítem Koha |
|---|---|---|---|---|---|---|---|---|---|---|---|---|---|---|---|
| Excluido de préstamo | Monografías: Libros y Folletos | General | General | En catalogación | 27.04.2010 | LF1 | xxxx C617 | 18296-10 | 25.06.2020 | 25.06.2020 | No se presta |
